Ungarisch Quiz - Wochentage - Statistiken

Allgemein
  • Dieses Quiz wurde 8 mal gespielt
  • Das Durchschnittsergebnis liegt bei 6 aus 7
Antwortstatistiken
Hint Antwort % Korrekt
Montag hetfő
100%
Dienstag kedd
100%
Donnerstag csütörtök
88%
Samstag szombat
88%
Mittwoch szerda
75%
Freitag péntek
63%
Sonntag vasárnap
63%
Keine übereinstimmenden Quizze gefunden
Verteilung der Resultate
Anzahl Personen mit jedem Resultat
Perzentil nach korrekt beantworteten Fragen
Ihre Resultats-Entwicklung
Sie haben dieses Quiz noch nicht gespielt